<?xml version="1.0" encoding="UTF-8"?>
<record
    xmlns:xsi="http://www.w3.org/2001/XMLSchema-instance"
    xsi:schemaLocation="http://www.loc.gov/MARC21/slim http://www.loc.gov/standards/marcxml/schema/MARC21slim.xsd"
    xmlns="http://www.loc.gov/MARC21/slim">

  <leader>01678nam a2200289 a 4500</leader>
  <controlfield tag="001">000046757</controlfield>
  <controlfield tag="003">DO-SdBNP</controlfield>
  <controlfield tag="005">20220308123016.0</controlfield>
  <controlfield tag="008">180322s2015    dr            000 0 spa d</controlfield>
  <datafield tag="020" ind1=" " ind2=" ">
    <subfield code="a">9789945590234</subfield>
  </datafield>
  <datafield tag="040" ind1=" " ind2=" ">
    <subfield code="a">DO-SdBNP</subfield>
    <subfield code="b">spa</subfield>
    <subfield code="c">BNPHU</subfield>
  </datafield>
  <datafield tag="082" ind1=" " ind2=" ">
    <subfield code="a">337. 93051</subfield>
    <subfield code="b">R426d</subfield>
  </datafield>
  <datafield tag="100" ind1="1" ind2=" ">
    <subfield code="a">Yuan, Li</subfield>
    <subfield code="9">74703</subfield>
  </datafield>
  <datafield tag="245" ind1="1" ind2="3">
    <subfield code="a">La Rep&#xFA;blica Dominicana y la Rep&#xFA;blica Popular China :</subfield>
    <subfield code="b">intercambio, comercio e inversi&#xF3;n /</subfield>
    <subfield code="c">Yaun Li ; pr&#xF3;logo Natasha Despotovic.</subfield>
  </datafield>
  <datafield tag="260" ind1=" " ind2=" ">
    <subfield code="a">Santo Domingo :</subfield>
    <subfield code="b">GFDD ;</subfield>
    <subfield code="b">FUNGLODE,</subfield>
    <subfield code="c">2015.</subfield>
  </datafield>
  <datafield tag="300" ind1=" " ind2=" ">
    <subfield code="a">46 p. ;</subfield>
    <subfield code="c">22 cm.</subfield>
  </datafield>
  <datafield tag="490" ind1="1" ind2=" ">
    <subfield code="a">Estudios y reflexiones</subfield>
    <subfield code="a">econom&#xED;a</subfield>
  </datafield>
  <datafield tag="500" ind1=" " ind2=" ">
    <subfield code="a">Esta publicaci&#xF3;n es el resultado de la participaci&#xF3;n de la autora en el Programa de Fellows de GFDD/Fnglode septiempbre a diciembre de 2013</subfield>
  </datafield>
  <datafield tag="505" ind1="0" ind2=" ">
    <subfield code="a">Pr&#xF3;logo --</subfield>
    <subfield code="t">Prefacio --</subfield>
    <subfield code="t">Rendimiento econ&#xF3;mico dominicano --</subfield>
    <subfield code="t">Presencia de China en la econom&#xED;a dominicana --</subfield>
    <subfield code="t">Comerco bilateral : hechos , desaf&#xED;os y perspectivas --</subfield>
    <subfield code="t">Turismo chino en la Rep&#xFA;blica Dominicana : un sue&#xF1;o que a&#xFA;n no se ha cumplico --</subfield>
    <subfield code="t">Financiaci&#xF3;n China de la Rep&#xFA;blica Dominicana : Taiw&#xE1;n y la China continental --</subfield>
    <subfield code="t">La Rep&#xFA;blica Dominicana y Taiw&#xE1;n --</subfield>
    <subfield code="t">La Rep&#xFA;blica Dominicana y China --</subfield>
    <subfield code="t">Los chinos en la econom&#xED;a dominicana : lo bueno y lo malo y lo que cabe esperar.</subfield>
  </datafield>
  <datafield tag="590" ind1=" " ind2=" ">
    <subfield code="a">Inventariao, 2018/VM</subfield>
  </datafield>
  <datafield tag="651" ind1=" " ind2="4">
    <subfield code="a">Rep&#xFA;blica Dominicana</subfield>
    <subfield code="x">Relaciones econ&#xF3;micas exteriores</subfield>
    <subfield code="9">8292</subfield>
  </datafield>
  <datafield tag="651" ind1=" " ind2="4">
    <subfield code="a">China</subfield>
    <subfield code="x">Relaciones Econ&#xF3;micas Exteriores</subfield>
    <subfield code="9">63739</subfield>
  </datafield>
  <datafield tag="651" ind1=" " ind2="4">
    <subfield code="a">Rep&#xFA;blica Dominicana</subfield>
    <subfield code="x">Relaciones econ&#xF3;micas exteriores</subfield>
    <subfield code="z">China</subfield>
    <subfield code="9">74704</subfield>
  </datafield>
  <datafield tag="700" ind1="1" ind2=" ">
    <subfield code="a">Natasha Despotovic</subfield>
    <subfield code="e">pr&#xF3;l.</subfield>
    <subfield code="9">74705</subfield>
  </datafield>
  <datafield tag="830" ind1="0" ind2="0">
    <subfield code="a">Estudios y reflexiones</subfield>
    <subfield code="p">econom&#xED;a</subfield>
    <subfield code="9">74706</subfield>
  </datafield>
  <datafield tag="942" ind1=" " ind2=" ">
    <subfield code="2">ddc</subfield>
    <subfield code="c">LBS1</subfield>
  </datafield>
  <datafield tag="952" ind1=" " ind2=" ">
    <subfield code="0">0</subfield>
    <subfield code="1">0</subfield>
    <subfield code="5">4</subfield>
    <subfield code="7">0</subfield>
    <subfield code="8">DS</subfield>
    <subfield code="a">GR</subfield>
    <subfield code="b">GR</subfield>
    <subfield code="c">HD</subfield>
    <subfield code="d">2018-03-22</subfield>
    <subfield code="i">LF1</subfield>
    <subfield code="l">0</subfield>
    <subfield code="o">337. 93051 R426d</subfield>
    <subfield code="p">46757-30</subfield>
    <subfield code="r">2020-06-25</subfield>
    <subfield code="t">e. 3</subfield>
    <subfield code="w">2020-06-25</subfield>
    <subfield code="y">LFDS</subfield>
    <subfield code="Z">Pr&#xE9;stamo en sala</subfield>
  </datafield>
  <datafield tag="952" ind1=" " ind2=" ">
    <subfield code="0">0</subfield>
    <subfield code="1">0</subfield>
    <subfield code="7">1</subfield>
    <subfield code="8">PD</subfield>
    <subfield code="a">PD</subfield>
    <subfield code="b">PD</subfield>
    <subfield code="c">HD</subfield>
    <subfield code="d">2018-03-22</subfield>
    <subfield code="i">LF1</subfield>
    <subfield code="l">0</subfield>
    <subfield code="o">337. 93051 R426d</subfield>
    <subfield code="p">46757-10</subfield>
    <subfield code="r">2020-06-25</subfield>
    <subfield code="w">2020-06-25</subfield>
    <subfield code="y">LFPD</subfield>
    <subfield code="Z">No se presta</subfield>
  </datafield>
  <datafield tag="952" ind1=" " ind2=" ">
    <subfield code="0">0</subfield>
    <subfield code="1">0</subfield>
    <subfield code="7">1</subfield>
    <subfield code="8">PD</subfield>
    <subfield code="a">PD</subfield>
    <subfield code="b">PD</subfield>
    <subfield code="c">HD</subfield>
    <subfield code="d">2018-03-22</subfield>
    <subfield code="i">LF1</subfield>
    <subfield code="l">0</subfield>
    <subfield code="o">337. 93051 R426d</subfield>
    <subfield code="p">46757-20</subfield>
    <subfield code="r">2020-06-25</subfield>
    <subfield code="t">e. 2</subfield>
    <subfield code="w">2020-06-25</subfield>
    <subfield code="y">LFPD</subfield>
    <subfield code="Z">No se presta</subfield>
  </datafield>
  <datafield tag="999" ind1=" " ind2=" ">
    <subfield code="c">46246</subfield>
    <subfield code="d">46246</subfield>
  </datafield>
</record>
